| 000 | 00521nam a2200217Ia 4500 | ||
|---|---|---|---|
| 003 | OSt | ||
| 005 | 20230721120354.0 | ||
| 008 | 210327s9999||||xx |||||||||||||| ||und|| | ||
| 040 | _cSTCPL | ||
| 041 | _aENG | ||
| 082 |
_a621.384 _bKEI-R |
||
| 100 | _aHenney, Keith | ||
| 245 | 0 |
_aRadio engineering handbook / _cby Keith Henney |
|
| 250 | _a5th ed. | ||
| 260 |
_aLondon : _bMcGraw-Hill Book Company, Inc. , _c1959. |
||
| 300 | _bHB | ||
| 650 | _aApplied Physics | ||
| 650 | _aRadio | ||
| 942 | _cBK | ||
| 942 | _2ddc | ||
| 999 |
_c16537 _d16537 |
||